000 00765nam a2200229 u 4500
001 000316389
003 AM-YeHGA
005 20250618072018.0
008 040310s1970 ai r 000 0 arm d
040 _aAM-YeHGA
041 0 _aarm
080 _aАр2
090 _aԱ-82
100 1 _aԱրազի, Մովսես,
_d1878-1964
_9972
245 1 0 _aԱրևը :
_b[Պատմվածք] /
_cՄ. Արազի; Խմբ.՝ Ռ.Հ. Քալաշյան; Նկ.՝ Ռ.Ս. Մանուկյան.
260 _aԵրևան :
_bՀայաստան,
_c1970.
300 _a8 էջ :
_bնկ. ;
_c15 սմ.
650 1 4 _aՀայ գրականություն
_xՊատմվածք
700 1 _aՔալաշյան, Ռ.Հ.
_eխմբ.
_4edt
700 1 _aՄանուկյան, Ռ.Ս.
_eնկ.
_4art
090 _c118721
999 _c117373
_d117373